| 000 | 00671nam a2200265 a 4500 | ||
|---|---|---|---|
| 003 | AR-BaBNM | ||
| 005 | 20251128205432.0 | ||
| 008 | 082120s2002 ||||||||||||||000 | spa|| | ||
| 020 | _a950-731-159-9 | ||
| 040 | _cAR-BaBNM | ||
| 100 | 1 | _aBenedetti, Mario | |
| 245 | 0 | 0 | _aAndamios |
| 250 | _a5ยช ed. | ||
| 260 |
_aBuenos Aires _bSeix Barral _bPlaneta _c1997 |
||
| 300 | _a349 p. | ||
| 490 | 0 | _aBiblioteca Mario Benedetti | |
| 650 | 4 | _aLITERATURA CONTEMPORANEA | |
| 650 | 4 | _aLITERATURA LATINOAMERICANA | |
| 650 | 4 | _aNOVELAS | |
| 653 | _aLITERATURA URUGUAYA | ||
| 653 | _aLITERATURA COMPROMETIDA | ||
| 655 | _aLITERATURA | ||
| 942 | _cBK | ||
| 998 | _cMARTIN | ||
| 999 |
_c11401 _d11401 |
||